000 00904nam a22002177a 4500
001 EIF-I-1992-M5-004
003 OSt
005 20230104100643.0
008 230104b |||||||| |||| 00| 0 eng d
040 _aFundación Jesús Pereda
_cFundación Jesús Pereda
041 _aCastellano
100 _aSánchez Erauskin, Javier
_9185
111 _aEncuentro de Investigadores del Franquismo
_c(Barcelona.
_d1992.
_n1º)
_995
245 _aEl nacional-catolicismo en las Vascongadas del primer franquismo como elemento legitimador del régimen,
_f1937-1945
_c/Javier Sánchez Erauskin
650 0 _9132
_aIglesia católica
650 0 _9123
_aPrimer franquismo
651 0 _9118
_aPaís Vasco
773 _tActas del I Encuentro de Investigadores del Franquismo
_g165-168 p.
856 _uhttps://bibliotecaccoocyl.fundacionjesuspereda.es/cgi-bin/koha/opac-retrieve-file.pl?id=3601842606b97c7a438c76850ce9751d
942 _2ddc
_cCF
_n0
999 _c748
_d748